000 00730nam a2200205Ia 4500
999 _c54963
_d54963
003 GCL
005 20240530105327.0
008 140319s9999 xx 000 0 ara d
040 _aGCL /
_cGCL
082 0 4 _a239
_bص ر
100 1 _aصفى الرحمن المباركفورى
245 1 0 _aالرحيق المختوم: بحث فى السيرة النبوية /
_cصفى الرحمن المباركفورى
260 _a[S.N] :
_bالمكتبة القيمة للطباعة والنشر والتوزيع ،
_c1988
300 _a471 ص
650 0 4 _aالاسلام
650 0 4 _aالسيرة النبوية
650 0 4 _aالغزوات الاسلامية
650 0 4 _aالاسلام والمسلمون
942 _2ddc
_cBK